| 000 | 01541nam a2200229Ia 4500 | ||
|---|---|---|---|
| 008 | 260220t2005||||xx |||||||||||||| ||spa|| | ||
| 040 |
_aPY-SlUNAC _bspa _erda |
||
| 041 | _aspa | ||
| 082 |
_a863 _bAl31l |
||
| 245 | 0 | _aLazarillo de Tormes | |
| 264 |
_aBarcelona : _bEl País, _c℗2005. |
||
| 300 | _a1 volumen | ||
| 520 | _a"Lazarillo de Tormes" es una novela picaresca anónima del siglo XVI que narra las desventuras de Lázaro, un joven huérfano que se convierte en un pícaro para sobrevivir en la sociedad española de la época. A lo largo de la obra, Lázaro sirve a varios amos de diversas clases sociales, incluyendo un ciego, un clérigo y un escudero, cada uno representando diferentes aspectos de la hipocresía y las dificultades de la vida en la sociedad. A través de su ingenio y astucia, Lázaro aprende a navegar un mundo lleno de engaños y desigualdades, reflejando la lucha por la dignidad y la búsqueda de identidad en un entorno hostil. La obra no solo ofrece una crítica social profunda sobre la corrupción y la pobreza, sino que también establece las bases del género picaresco, influyendo en la literatura posterior. La narrativa de Lázaro es un testimonio de la resiliencia humana frente a la adversidad, así como una reflexión sobre la condición humana. | ||
| 653 | _aLiteratura | ||
| 653 | _aNarrativa | ||
| 653 | _aNovela | ||
| 942 |
_b2026/02/17 _cBK |
||
| 999 |
_c9312 _d9312 |
||